Nezamestnanosť absolventov vysokoškolského a univerzitného štúdia ako nástroj na hodnotnie jeho kvality
Vysokoškolské štúdium v číslach. Nezamestnanosť absolventov vysokoškolského a univerzitného štúdia. Stratégia celoživotného vzdelávania ako riešenie.
Salvato in:
| Autore principale: | |
|---|---|
| Natura: | Capitolo di libro |
| Lingua: | slovacco |
| Soggetti: | |
| Tags: |
Nessun Tag, puoi essere il primo ad aggiungerne!!
|
MARC
| LEADER | 00000naa a2200000 4500 | ||
|---|---|---|---|
| 001 | 0149553 | ||
| 005 | 20231207072422.9 | ||
| 041 | 0 | |a slo | |
| 044 | |a SK | ||
| 245 | 1 | 0 | |a Nezamestnanosť absolventov vysokoškolského a univerzitného štúdia ako nástroj na hodnotnie jeho kvality |c Daniela Petríková |
| 520 | |a Vysokoškolské štúdium v číslach. Nezamestnanosť absolventov vysokoškolského a univerzitného štúdia. Stratégia celoživotného vzdelávania ako riešenie. | ||
| 610 | 2 | 0 | |a trh práce |
| 610 | 2 | 0 | |a nezamestnanosť |
| 610 | 2 | 0 | |a vzdelanie vysokoškolské |
| 610 | 2 | 0 | |a univerzity |
| 610 | 2 | 0 | |a kvalita vzdelávania |
| 100 | 1 | |a Petríková, Daniela | |